[Event "Wattens op"]
[Site "Wattens"]
[Date "1996.??.??"]
[Round "7"]
[White "Holzweber, Martin"]
[Black "Sprenger, Wendelin"]
[Result "1-0"]
[WhiteElo "2005"]
[BlackElo "1650"]

1.Nf3 d5 2.g3 c5 3.Bg2 Nc6 4.O-O e5 5.d3 Nf6 6.c4 d4 7.Bg5 Be7 8.Nbd2 h6
9.Bxf6 Bxf6 10.Qb3 O-O 11.a3 Qc7 12.Rfb1 b6 13.Qa4 Bb7 14.b4 Be7 15.bxc5 Bxc5
16.Ne4 Be7 17.g4 Nd8 18.Ne1 Ne6 19.Qb5 Nf4 20.Ng3 Nxg2 21.Nxg2 Bc6 22.Qb2 Bd7
23.h3 f5 24.f3 Bd6 25.gxf5 Bxf5 26.Nxf5 Rxf5 27.Kf2 g5 28.Qb5 Bc5 29.Ke1 Rf7
30.Kd2 Raf8 31.Rg1 Kh7 32.Ne1 Qc8 33.Rg4 Qf5 34.Qc6 h5 35.Re4 Be7 36.Qd5 Qxh3
37.Qxe5 Bf6 38.Qe6 Qxe6 39.Rxe6 g4 40.fxg4 Bg5+ 41.Kc2 hxg4 42.Ng2 Rf2 43.Rg1 R8f3
44.Ne1 Re3 45.Rxe3 Bxe3 46.Kd1 Rxe2 47.Rh1+  1-0

[Event "Wattens op"]
[Site "Wattens"]
[Date "1996.??.??"]
[Round "8"]
[White "Martinovic, Slobodan"]
[Black "Haba, Petr"]
[Result "1/2-1/2"]
[WhiteElo "2500"]
[BlackElo "2485"]

1.Nf3 d5 2.g3 Nf6 3.Bg2 c6 4.b3 Bf5 5.Ba3 Nbd7 6.O-O e6 7.Bxf8 Nxf8 8.d3 N8d7
9.c4 O-O 10.Qc2 h6 11.Nbd2 Qe7 12.Qb2 Bh7 13.Rfc1 Rac8 14.Ne1 e5 15.cxd5 cxd5
16.Nc2 e4 17.dxe4 dxe4 18.Nc4 Nd5 19.Bh3 f5 20.N2e3 Nxe3 21.Nxe3 Rxc1+ 22.Rxc1 Nb6
23.Qd4 Rd8 24.Qc5 Qxc5 25.Rxc5 g6 26.a4 Kh8 27.a5 Nc8 28.Rc7 Nd6 29.f3 exf3
30.exf3 Bg8 31.b4 Be6 32.a6 Rd7 33.axb7 Nxb7 34.Rc3 Rd4 35.b5 Nd6 36.Bf1 Bd7
37.Rb3 Kg7 38.Ra3 Bxb5 39.Rxa7+ Kf6 40.Bxb5 Nxb5 41.Ra5 Nd6 42.Nd5+ Kg7 43.h4 Nf7
44.h5 gxh5 45.Nf4 Rd1+ 46.Kf2 Nd6 47.Nxh5+ Kg6 48.Nf4+ Kf6 49.Rc5 Ra1 50.Rc2 Ra6
51.Nd5+ Kf7 52.Rc7+ Ke6 53.Nf4+ Kf6 54.Rc3 Nf7 55.Ke3 Nd6 56.Kd3 Nb5 57.Rc5 Ra3+
58.Kc4 Nd6+ 59.Kd5 Nf7 60.Rc6+ Ke7 61.Ng6+ Kd7 62.Rf6 Ra5+ 63.Kd4 Ra4+ 64.Ke3 Nd6
65.Nf4 Nc4+ 66.Kf2 Ra2+ 67.Ne2 Nd6 68.Rxh6 f4 69.g4 Nb5 70.Rh5 Nc3 71.Re5 Kd6
72.Re8 Kd7  1/2-1/2

[Event "NBG Open Weilburg"]
[Site "Weilburg"]
[Date "1996.??.??"]
[Round "5"]
[White "Martinovic, Slobodan"]
[Black "Bagirov, Vladimir"]
[Result "1/2-1/2"]
[WhiteElo "2500"]
[BlackElo "2505"]

1.Nf3 d5 2.g3 Bg4 3.Bg2 Nd7 4.d4 e6 5.O-O c6 6.Nbd2 Ngf6 7.Re1 Be7 8.e4 dxe4
9.Nxe4 Nxe4 10.Rxe4 Bf5 11.Re1 O-O  1/2-1/2

[Event "NBG Open Weilburg"]
[Site "Weilburg"]
[Date "1996.??.??"]
[Round "5"]
[White "Kengis, Edvins"]
[Black "Boidman, Yuri"]
[Result "1-0"]
[WhiteElo "2560"]
[BlackElo "2365"]

1.Nf3 d5 2.g3 Nf6 3.Bg2 Bf5 4.O-O e6 5.d3 h6 6.c4 c6 7.Be3 dxc4 8.dxc4 Qxd1
9.Rxd1 Nbd7 10.Nc3 e5 11.h3 Be6 12.b3 Ba3 13.Na4 O-O 14.Ne1 Bf5 15.g4 Bh7
16.Nd3 Rfd8 17.Nac5 Nxc5 18.Bxc5 Bxc5 19.Nxc5 b6 20.Nb7 Rxd1+ 21.Rxd1 e4
22.Rd8+ Rxd8 23.Nxd8 c5 24.Nc6 e3 25.Nxa7 Bb1 26.a4 Kf8 27.Nc8 Nd7 28.Bc6 Ne5
29.Bd5 Nd7 30.Bc6 Ne5 31.Bb5 Nf3+ 32.Kg2 Nd2 33.fxe3 Be4+ 34.Kg3 Nxb3 35.Nxb6 g5
36.Nc8 Bg6 37.h4 f6 38.h5 Bf7 39.Nd6 Na5 40.Kf3 Be6 41.Ne4 Nxc4 42.Bxc4 Bxc4
43.Nxc5 Ke7 44.e4 Kd6 45.Nd3 Ba6 46.Nb4 Bb7 47.a5 Kc5 48.Nd5 Bc8 49.Nb6 Bb7
50.Nd7+ Kd6 51.Nxf6 Ke5 52.Ng8  1-0

[Event "NBG Open Weilburg"]
[Site "Weilburg"]
[Date "1996.??.??"]
[Round "7"]
[White "Mowsziszian, Karen"]
[Black "Boidman, Yuri"]
[Result "0-1"]
[WhiteElo "2470"]
[BlackElo "2365"]

1.Nf3 d5 2.g3 Nf6 3.Bg2 Bf5 4.d3 h6 5.O-O e6 6.Nbd2 Be7 7.b3 O-O 8.Bb2 Bh7
9.Ne5 Nbd7 10.Nxd7 Nxd7 11.e4 Bf6 12.Bxf6 Nxf6 13.e5 Nd7 14.f4 c5 15.Qe2 b5
16.a4 a6 17.c4 dxc4 18.dxc4 bxc4 19.Bxa8 Bd3 20.Qe3 Bxf1 21.Bc6 Bd3 22.bxc4 Qc7
23.Bxd7 Qxd7 24.Qxc5 Rc8 25.Qd6 Qa7+ 26.c5 Bc2 27.Qb6 Qd7 28.Qd6 Qa7 29.a5 Qa8
30.Rc1 Ba4 31.Qd4 Rd8 32.Qe4 Bc6 33.Qe3 Qb7 34.Nc4  0-1

[Event "Werfen op-A"]
[Site "Werfen"]
[Date "1996.??.??"]
[Round "1"]
[White "Piven, Igor"]
[Black "Schieder, Josef"]
[Result "1-0"]
[WhiteElo "2385"]
[BlackElo "1985"]

1.Nf3 d5 2.g3 Nf6 3.Bg2 Bf5 4.c4 c6 5.cxd5 cxd5 6.Qb3 Qb6 7.Qxb6 axb6 8.Nc3 e6
9.d3 h6 10.Nb5 Na6 11.O-O Bc5 12.a3 O-O 13.Bf4 Rfd8 14.Rfc1 Rac8 15.b4 Be7
16.Be3 Nd7 17.Nfd4 Bg6 18.f4 Nf6 19.Bh3 Bh5 20.Kf2 g6 21.Nb3 Rc6 22.Na7 Rcd6
23.Nc8 R6d7 24.Nxe7+ Rxe7 25.Bxb6 Ra8 26.Bd4 Ng4+ 27.Bxg4 Bxg4 28.Bf6 Ree8
29.h3 Bxh3 30.Rh1 h5 31.Rxh3  1-0

[Event "Werfen op-A"]
[Site "Werfen"]
[Date "1996.??.??"]
[Round "1"]
[White "Neckar, Lubomir"]
[Black "Navratil, Robert"]
[Result "1/2-1/2"]
[WhiteElo "2350"]
[BlackElo "1985"]

1.Nf3 d5 2.g3 c6 3.Bg2 Bg4 4.b3 Nd7 5.Bb2 e6 6.d3 Ngf6 7.Nbd2 Bd6 8.h3 Bh5
9.O-O O-O 10.Qe1 Re8 11.e4 e5 12.Nh4 dxe4 13.dxe4 Qc7 14.Nc4 Bc5 15.b4 b5
16.bxc5 bxc4 17.Qc3 Nxc5 18.Qxc4 Rab8 19.Bc3 Ncd7 20.Nf5 Nb6 21.Qa6 Nfd7
22.g4 Bg6 23.Rad1 f6 24.Qa5 c5 25.Rd2 Bf7 26.Nd6 Re7 27.Nxf7 Kxf7 28.Rfd1 Nf8
29.Bf1 Ne6 30.f3  1/2-1/2

[Event "Werfen op-B"]
[Site "Werfen"]
[Date "1996.??.??"]
[Round "2"]
[White "Bieringer, Konrad"]
[Black "Goeslbauer, Harald"]
[Result "1-0"]
[WhiteElo "1710"]
[BlackElo "1840"]

1.Nf3 d5 2.g3 Nf6 3.Bg2 e6 4.d3 Be7 5.O-O O-O 6.Nbd2 Nbd7 7.e4 dxe4 8.dxe4 b6
9.e5 Nd5 10.c4 Nb4 11.Nd4 Rb8 12.N2f3 Bb7 13.a3 Nc6 14.Re1 Ndxe5 15.Nxe5 Nxd4
16.Qg4 Bf6 17.Bf4 Bxg2 18.Kxg2 c5 19.Rad1 Qc8 20.h4 Qb7+ 21.f3 Rbd8 22.h5 Nc2
23.Rxd8 Rxd8 24.Re2 Nd4 25.Rd2 Kf8 26.h6 g6 27.Bg5 Qe7 28.f4 Nf5 29.Rxd8+ Qxd8
30.Bxf6 Qd2+ 31.Kh3 Qf2 32.Qf3 Qxf3 33.Nxf3 Nxh6 34.Bg5 Nf5 35.Bf6 Ke8 36.Ne5 h5
37.Kg2 Nh6 38.Kf3 Ng8 39.Bh4 Kf8 40.Ke4 Kg7 41.Nc6 a6 42.Nb8 f6 43.Nd7 b5
44.cxb5 axb5 45.Nxc5 Ne7 46.Nxe6+ Kf7 47.Nd4 b4 48.axb4 Nc8 49.Kd5 Nb6+ 50.Kc6  1-0

[Event "Werfen op-A"]
[Site "Werfen"]
[Date "1996.??.??"]
[Round "5"]
[White "Neckar, Lubomir"]
[Black "Berger, Hermann"]
[Result "1/2-1/2"]
[WhiteElo "2350"]
[BlackElo "2070"]

1.Nf3 d5 2.g3 c5 3.Bg2 Bg4 4.c4 e6 5.Ne5 Bf5 6.cxd5 exd5 7.Nc3 Nf6 8.d4 Bd6
9.O-O O-O 10.Bf4 Nh5 11.Bd2 Nf6 12.Bf4 Nh5  1/2-1/2

[Event "Werfen op-A"]
[Site "Werfen"]
[Date "1996.??.??"]
[Round "8"]
[White "Bezold, Michael"]
[Black "Raetsky, Alexander"]
[Result "1-0"]
[WhiteElo "2495"]
[BlackElo "2455"]

1.Nf3 d5 2.g3 Nc6 3.Bg2 e5 4.d3 g6 5.c4 dxc4 6.Qa4 Bg7 7.Qxc4 Nge7 8.O-O O-O
9.Nc3 h6 10.Be3 Be6 11.Qa4 Nd4 12.Rac1 c5 13.Nd2 Nd5 14.Bxd4 exd4 15.Nxd5 Bxd5
16.Rxc5 Bxg2 17.Kxg2 Qe7 18.Ne4 f5 19.Qc4+ Rf7 20.Nd2 Rd8 21.Nf3 Kh7 22.Rc1 Rd7
23.Rc2 g5 24.Rd5 f4 25.Nxd4 g4 26.Rxd7 Qxd7 27.Ne6 f3+ 28.Kf1 Re7 29.Nxg7 Kxg7
30.a4 h5 31.e3 Kg6 32.Ke1 Qf5 33.Kd2 Rd7 34.Rc3 Kg7 35.Kc2 Kh7 36.Qb5 Qxb5
37.axb5 Kg6 38.Rc4 Rd5 39.b6 axb6 40.Rc7 h4 41.Rxb7 Rc5+ 42.Kb1 Rb5 43.Rc7 hxg3
44.hxg3 Rh5 45.e4 Rh2 46.Rc2 Rh1+ 47.Rc1 Rh2 48.Rf1  1-0

[Event "Winterthur"]
[Site "Winterthur"]
[Date "1996.??.??"]
[Round "2"]
[White "Hug, Werner"]
[Black "Hjartarson, Johann"]
[Result "1/2-1/2"]
[WhiteElo "2445"]
[BlackElo "2565"]

1.Nf3 d5 2.g3 Nf6 3.Bg2 c6 4.O-O Bf5 5.d3 e6 6.c4 dxc4 7.dxc4 Qxd1 8.Rxd1 Nbd7
9.Nc3 h6 10.Bf4 g5 11.Be3 Ng4 12.Bd2 Bg7 13.Rac1 O-O-O 14.b3 Nc5 15.h3 Nxf2
16.Kxf2 Bxc3 17.Rxc3 Ne4+ 18.Ke3 Rxd2 19.Rxd2 Nxc3 20.Ne5 Rf8 21.g4 Bb1 22.a3 f6
23.Nd3 f5 24.Ne5 f4+ 25.Kd4 Ne4 26.Bxe4 Rd8+ 27.Bd5 exd5 28.Nf7 Rd7 29.Ne5 Re7
30.c5 Be4 31.b4 h5 32.gxh5 Rh7 33.Rd1 Rxh5 34.Rg1 Rxh3 35.Rxg5 Rg3 36.Rh5 Rxa3
37.Nf7 Re3 38.Nd6+ Kd7 39.Rh4 Rxe2 40.Rxf4 Ke6 41.Nxb7 Rd2+ 42.Kc3 Rd3+ 43.Kb2 Ke5
44.Rf7 Rd2+ 45.Kc3 Rd1 46.Re7+ Kf4 47.Nd6 a6 48.Nxe4 dxe4 49.Kc2 Rd4 50.Re6 Rxb4
51.Rxc6 a5 52.Kd2 Rb2+ 53.Kc3 Rb1 54.Kc2 Rb5 55.Kd2 Ke5 56.Rc8 Rb2+ 57.Kc3 Rb1
58.c6 Kd6 59.Re8 Rb4 60.Ra8 Ra4 61.Kb3 Ra1 62.Kb2 Ra4 63.Kb3 Rb4+ 64.Kc3 Rb5
65.Kd4 Kxc6 66.Kxe4 Kb7 67.Rh8 a4 68.Kd3 a3 69.Rh1 Kb6 70.Ra1  1/2-1/2

[Event "Winterthur-B"]
[Site "Winterthur"]
[Date "1996.??.??"]
[Round "3"]
[White "Von Allmen, Alain"]
[Black "Benz, Rolf"]
[Result "1-0"]
[WhiteElo "2220"]
[BlackElo "2170"]

1.Nf3 d5 2.g3 c6 3.b3 Bf5 4.Ba3 a5 5.Bg2 Nf6 6.O-O g6 7.c4 Bg7 8.d4 O-O 9.Nc3 Ne4
10.Rc1 Nxc3 11.Rxc3 Be4 12.cxd5 cxd5 13.e3 Nc6 14.Qe2 Qd7 15.Qb5 Rfd8 16.Kh1 Bf6
17.Bc5 Kg7 18.Ne1 h5 19.f3 Bf5 20.Bb6 Rh8 21.Nd3 Bxd3 22.Qxd3 h4 23.gxh4 Rxh4
24.Rf2 Nb4 25.Qb1 Rah8 26.Bf1 Nc6 27.Rg2 e5 28.Bd3 R8h6 29.Bf5 Qd6 30.Bc5 Qb8
31.Rcc2 b6 32.Bf8+ Kxf8 33.Rxc6 gxf5 34.Qxf5 Ke7 35.Rgc2 Rxh2+ 36.Rxh2 Rxh2+
37.Kxh2 exd4+ 38.Kg2 Qe5 39.Qxe5+ Bxe5 40.f4 Bf6 41.Kf3 dxe3 42.Kxe3 Bb2
43.Rxb6 Bc1+ 44.Kd4 Bxf4 45.Kxd5 f5 46.Ra6 Bd2 47.Ke5 f4 48.Re6+ Kf7 49.Rd6 Be3
50.Rd5 f3 51.Ke4 f2 52.Rd1 Bc5 53.Kf3 Ke6 54.Ke2 Ke5 55.Rd8 Ke4 56.Ra8 Bb4
57.Kxf2 Kd3 58.Rc8 Bc3 59.Rc4 Kc2 60.Ke2 Kb2 61.Kd3  1-0

[Event "Winterthur"]
[Site "Winterthur"]
[Date "1996.??.??"]
[Round "8"]
[White "Hug, Werner"]
[Black "Pelletier, Yannick"]
[Result "1/2-1/2"]
[WhiteElo "2445"]
[BlackElo "2440"]

1.Nf3 d5 2.g3 Bg4 3.Bg2 c6 4.c4 e6 5.cxd5 exd5 6.O-O Nf6 7.d3 Bd6 8.Qc2 O-O
9.Nc3 Nbd7 10.e4 dxe4 11.dxe4 Re8 12.h3 Bh5 13.Nh4 Bg6 14.Nxg6 hxg6 15.Kh2 Bb4
16.f4 Bxc3 17.bxc3 Qe7 18.e5 Nd5 19.Rb1 Rab8 20.Bd2 Qc5 21.Rbe1 Nc7 22.Re4 Nb6
23.Be3 Qb5 24.c4 Qa5 25.Rb1 Ne6 26.c5 Nd5 27.Bf2 Qc3 28.Rc4 Qxc2 29.Rxc2 Red8
30.Rb3 Rd7 31.Rcb2 Nd8 32.h4 Nc7 33.Bf3 Nce6 34.Kg2 Rc8 35.h5 gxh5 36.Bxh5 g6
37.Bg4 Rcc7 38.Ra3 a6 39.Rc3 Rd5 40.Bf3 Rdd7 41.Rc4 Rd3 42.Be2 Rd5 43.Bf3 Rd3
44.Be2 Rd5 45.Bf3 Rd3  1/2-1/2

[Event "Owens Corning"]
[Site "Wrexham"]
[Date "1996.??.??"]
[Round "?"]
[White "Karlsson, Lars"]
[Black "Hartman, Christer"]
[Result "1-0"]
[WhiteElo "2470"]
[BlackElo "2370"]

1.Nf3 d5 2.g3 Bg4 3.Bg2 Nd7 4.d4 e6 5.O-O Ngf6 6.c4 c6 7.b3 Be7 8.Bb2 O-O
9.Nc3 h6 10.Rc1 Rc8 11.Ne5 Bf5 12.Qe1 Bb4 13.a3 Ba5 14.b4 Bc7 15.f4 Bh7 16.e4 dxc4
17.Nxc4 b5 18.Nd2 Bb6 19.Nb3 e5 20.Rd1 Re8 21.Kh1 exf4 22.Rxf4 Nd5 23.Rf2 N7f6
24.e5 Nxc3 25.Bxc3 Nd5 26.Bb2 Qd7 27.Nc5 Bxc5 28.dxc5 Bf5 29.Kg1 Be6 30.Be4 a5
31.Bc2 axb4 32.axb4 Ra8 33.Qe4 g6 34.Qh4 h5 35.Qg5 Bg4 36.Rdf1 Qe7 37.Rf6 Nxf6
38.Rxf6 Ra2 39.Bxg6 Qxf6 40.Qxf6 fxg6 41.e6  1-0

[Event "Vier-Laender (Women)"]
[Site "Wuerttemberg"]
[Date "1996.??.??"]
[Round "?"]
[White "Rieder, Anita"]
[Black "Reichel, Ingeborg"]
[Result "1-0"]
[WhiteElo "1975"]
[BlackElo "1605"]

1.Nf3 d5 2.g3 c6 3.Bg2 Bg4 4.Ne5 Bf5 5.c4 Nd7 6.Nxd7 Qxd7 7.cxd5 cxd5 8.Qb3 Nf6
9.d3 e6 10.Nc3 Be7 11.e4 Bg6 12.O-O Rd8 13.Bg5 d4 14.Ne2 O-O 15.Rac1 e5 16.f4 Bh5
17.fxe5 Bxe2 18.exf6 gxf6 19.Rf2 fxg5 20.Rxe2 Rc8 21.Rf1 Kg7 22.Ref2 Bc5
23.Rf5 Qe7 24.e5 Rc7 25.Qd1 b6 26.Qh5 Qe6 27.Be4 h6 28.Rf6  1-0

[Event "Vier-Laender (Women)"]
[Site "Wuerttemberg"]
[Date "1996.??.??"]
[Round "?"]
[White "Rieder, Anita"]
[Black "Hund, Barbara"]
[Result "1/2-1/2"]
[WhiteElo "2060"]
[BlackElo "2270"]

1.Nf3 d5 2.g3 Nf6 3.Bg2 Bf5 4.O-O e6 5.b3 Be7 6.Bb2 h6 7.d3 O-O 8.Nbd2 Bh7
9.c4 a5 10.Ne5 a4 11.bxa4 Nbd7 12.Nxd7 Qxd7 13.Qb3 Rxa4 14.cxd5 Nxd5 15.a3 Ra7
16.Nc4 Rfa8 17.Rfc1 Qa4 18.Qxa4 Rxa4 19.Be5 b5 20.Bxd5 exd5 21.Ne3 Bxa3 22.Rxc7 f6
23.Bf4 Bf8 24.Rb1 Ra1 25.Rxa1 Rxa1+ 26.Kg2 g5 27.Nxd5 Ra6 28.Bd2 Bg6 29.Bc3 Bg7
30.Ne7+ Kh7 31.Rb7 Re6 32.e4 Rd6 33.Nxg6 Kxg6 34.e5 Rxd3 35.exf6 Bxf6 36.Bxf6 Kxf6
37.Rxb5 h5 38.Rb6+ Kg7 39.h3 Rc3 40.Ra6 Rb3 41.Ra5 Kg6 42.Ra6+ Kg7 43.h4 gxh4
44.gxh4 Rb4 45.Kg3 Rg4+ 46.Kh3 Rf4 47.Ra5 Rxf2 48.Rxh5 Ra2 49.Rg5+ Kh6  1/2-1/2

[Event "Wuerzburg op"]
[Site "Wuerzburg"]
[Date "1996.??.??"]
[Round "6.5"]
[White "Schoenau, Werner"]
[Black "Wells, Peter K"]
[Result "0-1"]
[WhiteElo "2300"]
[BlackElo "2495"]

1.Nf3 d5 2.g3 c6 3.Bg2 Bg4 4.c4 e6 5.O-O Nd7 6.d4 Ngf6 7.b3 Bd6 8.Bb2 Qb8
9.Nc3 O-O 10.Qe1 Re8 11.e4 Bxf3 12.Bxf3 e5 13.dxe5 Nxe5 14.Bg2 dxc4 15.Qe2 Nd3
16.bxc4 Nxb2 17.Qxb2 Be5 18.Rac1 Qd8 19.Qc2 Qa5 20.Ne2 Bd6 21.Nd4 Rad8 22.Nb3 Qb4
23.h3 a5 24.Rb1 Bb8 25.Rfd1 a4 26.Nd4 Qc5 27.Ne2 Ba7 28.Nf4 b5 29.Rxd8 Rxd8
30.e5 Qxe5 31.Bxc6 g5 32.Qe2 Qc7 33.Nd5 Qxg3+ 34.Kf1 Qxh3+ 35.Kg1 Ng4 36.Ne7+ Kf8
37.Qf3 Qxf3 38.Bxf3 Ne5 39.Nc6 Nxf3+ 40.Kg2 Nh4+ 41.Kh3 Rd3+ 42.Kg4 Bxf2  0-1

[Event "Yerevan ol (Men)"]
[Site "Yerevan"]
[Date "1996.??.??"]
[Round "3"]
[White "Bogdanovski, Vlatko"]
[Black "Giorgadze, Giorgi"]
[Result "1/2-1/2"]
[WhiteElo "2460"]
[BlackElo "2580"]

1.Nf3 d5 2.g3 g6 3.Bg2 Bg7 4.O-O e5 5.d3 Ne7 6.e4 O-O 7.c3 Nbc6 8.b4 a6 9.Bb2 h6
10.Nbd2 Be6 11.Re1 dxe4 12.dxe4 Nc8 13.Qc2 Nd6 14.Bf1 Qd7 15.a4 b6 16.Ba3 Rfd8
17.c4 Nb7 18.Nb3 Bg4 19.Nfd2 a5 20.b5 Nd4 21.Nxd4 exd4 22.Qd3 Bf8 23.Bxf8 Kxf8
24.Nb3 Kg7 25.Bg2 Rab8 26.Rac1 Be6 27.Red1 Nc5 28.Nxc5 bxc5 29.e5 Bg4 30.Re1 Qf5
31.Be4 Qxe5 32.Bxg6 Qf6 33.Be4 Rd6 34.Bd5 Be6 35.Bxe6 Rxe6 36.Rxe6 Qxe6 37.Qd2 Ra8
38.h4 Qg4 39.Re1 Rd8 40.Qd3 Qg6 41.Qd2 d3 42.Re3 Rd4 43.Kh2 Qf5 44.Kg1 Kg6
45.Kh2 Rd7 46.Kg1 Rd6 47.Kh2 Rd4 48.Kg2 Rxc4 49.Rxd3 Rxa4 50.Qc3 Rd4 51.Rxd4 cxd4
52.Qxc7 Qxb5 53.Qd6+ Kh7 54.Qxd4 a4 55.Qf6 Qc4 56.Qf5+ Kg7 57.Qf3 Qc1 58.Kh2 a3
59.Qe4 Kf8 60.Qb4+ Ke8 61.Qb5+ Kd8 62.Qd5+ Kc7 63.Qxf7+ Kb6 64.Qe6+ Kb5 65.Qd7+ Kb4
66.Qb7+ Ka4 67.Qa6+ Kb3 68.Qb5+ Kc2 69.Qc4+ Kd2 70.Qf4+ Kd1 71.Qf3+ Ke1 72.Kg2 Qc5
73.Qe4+ Kd2 74.Qe6 h5 75.Qa2+ Kc3 76.Qa1+ Kc4 77.Qc1+ Kb5 78.Qb1+ Ka5 79.Qe1+ Kb6
80.Qb1+ Qb5 81.Qa2 Qd3 82.Kh2 Kc5 83.Qe6 Kb4 84.Qb6+ Kc3 85.Qc5+ Kb2 86.Qe5+ Kb1
87.Qe1+ Kc2 88.Qa1 Kb3 89.Qe1 a2 90.Qe6+ Kb2 91.Qe5+ Kb1 92.Qe1+ Kc2 93.Qe5 Qc4
94.Qa5 Kd3 95.Kg2 Ke4 96.Qa3 Qd5 97.Kh2 Kf5 98.Qf8+ Ke6 99.Qe8+ Kd6 100.Qd8+ Ke5
101.Qg5+ Ke4 102.Qe3+ Kf5 103.Qg5+  1/2-1/2

[Event "Yerevan ol (Men)"]
[Site "Yerevan"]
[Date "1996.??.??"]
[Round "3"]
[White "Kengis, Edvins"]
[Black "Short, Nigel D"]
[Result "1/2-1/2"]
[WhiteElo "2560"]
[BlackElo "2695"]

1.Nf3 d5 2.g3 Nc6 3.d4 Bg4 4.Bg2 Qd7 5.h3 Bh5 6.c3 f6 7.b4 e6 8.Nbd2 Nge7
9.O-O Nc8 10.e4 Be7 11.Ne5 Bxd1 12.Nxd7 Ba4 13.exd5 Kxd7 14.dxc6+ Bxc6 15.Bxc6+ Kxc6
16.a4 Kd7 17.Nb3 b6 18.Re1 Nd6 19.Ra2 Rhe8 20.Rc2 Nc4 21.Nd2 Nxd2 22.Bxd2 a5
23.b5 Rac8 24.c4 c5 25.bxc6+ Rxc6 26.Be3 Rec8 27.Rec1 Ba3 28.Ra1 Bb4 29.Rac1  1/2-1/2

[Event "Yerevan ol (Women)"]
[Site "Yerevan"]
[Date "1996.??.??"]
[Round "3"]
[White "Voiska, Margarita"]
[Black "Batceceg, Tuvshintogs"]
[Result "1-0"]
[WhiteElo "2305"]
[BlackElo "2040"]

1.Nf3 d5 2.g3 Nf6 3.Bg2 c6 4.O-O Bg4 5.c4 e6 6.cxd5 cxd5 7.Nc3 Nc6 8.h3 Bh5
9.a3 a6 10.b4 b5 11.Bb2 Bd6 12.Qb3 O-O 13.e3 Rc8 14.Na2 Ne4 15.g4 Bg6 16.d3 Nf6
17.Rac1 Nd7 18.Rfd1 Qe7 19.Nc3 Nde5 20.Nxe5 Nxe5 21.e4 h5 22.f4 Nc6 23.Ne2 hxg4
24.hxg4 Qh4 25.Qc3 e5 26.f5 Bh7 27.Qe1 Qxg4 28.Qf2 Bb8 29.Kf1 Ba7 30.Qf3 Qg5
31.Qg3 Qxg3 32.Nxg3 d4 33.Ke2 Ne7 34.Bh3 f6 35.Nh5 Rxc1 36.Rxc1 Bb8 37.Rg1 Rf7
38.Bc1 Kf8 39.Nxg7 Nc6 40.Ne6+ Ke7 41.Bh6 Bd6 42.Bg4 Nd8 43.Bh5 Bxf5 44.exf5 Rh7
45.Rg7+ Rxg7 46.Nxg7 a5 47.bxa5 Bxa3 48.a6 Bc5 49.Bf3 Kf7 50.Ne6 Bb6 51.Bf8  1-0

[Event "Yerevan ol (Women)"]
[Site "Yerevan"]
[Date "1996.??.??"]
[Round "3"]
[White "Tsifanskaya, Ludmila A"]
[Black "De Kleuver, Esther"]
[Result "1-0"]
[WhiteElo "2230"]
[BlackElo "2230"]

1.Nf3 d5 2.g3 e6 3.Bg2 Nf6 4.O-O Be7 5.d3 c5 6.Nbd2 Nc6 7.e4 Qc7 8.Re1 b6
9.c3 Ba6 10.Nf1 Rd8 11.e5 Nd7 12.h4 Nf8 13.h5 h6 14.N1h2 Kd7 15.Ng4 Kc8 16.a3 Nh7
17.b4 d4 18.c4 cxb4 19.axb4 Nxb4 20.Bd2 Bb7 21.Rxa7 Nxd3 22.Nfh2 Nxe1 23.Rxb7 Qxb7
24.Bxb7+ Kxb7 25.Bxe1 Kc7 26.Nf3 Ng5 27.Ngh2 Nxf3+ 28.Nxf3 Bc5 29.Qd3 Rd7
30.Kg2 Rdd8 31.Bd2 Rd7 32.Bf4 Rdd8 33.Nd2 Ra8 34.Qf3 Rad8 35.Ne4 d3 36.Nd6 d2
37.Bxd2 Bxd6 38.exd6+ Kxd6 39.Qxf7 Rd7 40.Bf4+ e5 41.Bxe5+  1-0

[Event "Yerevan ol (Men)"]
[Site "Yerevan"]
[Date "1996.??.??"]
[Round "4"]
[White "Yermolinsky, Alex"]
[Black "Gausel, Einar"]
[Result "1-0"]
[WhiteElo "2610"]
[BlackElo "2520"]

1.Nf3 d5 2.g3 c6 3.Bg2 Bg4 4.c4 e6 5.cxd5 Bxf3 6.Bxf3 cxd5 7.O-O Nf6 8.d3 Nc6
9.Nc3 Be7 10.e4 dxe4 11.dxe4 O-O 12.Be3 Qxd1 13.Rfxd1 Rfd8 14.e5 Nd7 15.Bxc6 bxc6
16.f4 Nb6 17.Kf2 Nd5 18.Rac1 Nxe3 19.Kxe3 f6 20.exf6 gxf6 21.Rxd8+ Rxd8 22.Ne4 Rc8
23.Rc4 Kf7 24.Ra4 Rc7 25.b3 h5 26.h4 Kg6 27.Rc4 Kf5 28.Nf2 Bd6 29.Kf3 e5
30.fxe5 fxe5 31.g4+ hxg4+ 32.Nxg4 Ke6 33.h5 Kf5 34.Ne3+ Kg5 35.Ke4 Kxh5 36.Nf5 Bf8
37.Kxe5 Kg6 38.Nd4 Bg7+ 39.Kd6 Rf7 40.Nxc6 Bf8+ 41.Ke6 Rf6+ 42.Kd7 Bh6 43.Ne5+ Kg7
44.Rc6 Rf5 45.Ke6 Rf6+ 46.Kd5 Rf5 47.Rc7+ Kg8 48.Ke6  1-0

[Event "Yerevan op"]
[Site "Yerevan"]
[Date "1996.??.??"]
[Round "4"]
[White "Mirumian, Vigen"]
[Black "Sher, Miron N"]
[Result "0-1"]
[WhiteElo "2425"]
[BlackElo "2500"]

1.Nf3 d5 2.g3 g6 3.Bg2 Bg7 4.O-O e5 5.d3 Nc6 6.Nbd2 Nge7 7.e4 O-O 8.exd5 Nxd5
9.c3 a5 10.a4 h6 11.Re1 Re8 12.Qc2 Bf5 13.Ne4 b6 14.Bd2 Be6 15.Bc1 Qd7 16.Ned2 Rad8
17.Nc4 f6 18.Be3 Qf7 19.Rad1 Re7 20.Bc1 Red7 21.b3 g5 22.Bb2 Bg4 23.d4 exd4
24.cxd4 Ncb4 25.Qe2 Re7 26.Qf1 Rxe1 27.Rxe1 Bf5 28.Qe2 Nd3 29.Rd1 Re8 30.Qc2 Bg6
31.Qd2 Nxb2 32.Qxb2 Bf8 33.Re1 Rxe1+ 34.Nxe1 Qe6 35.Kf1 Bb4 36.Qe2 Kf7 37.Nd3 Bxd3  0-1

[Event "Yerevan ol (Men)"]
[Site "Yerevan"]
[Date "1996.??.??"]
[Round "5"]
[White "Dizdar, Goran"]
[Black "Borge, Nikolaj"]
[Result "1-0"]
[WhiteElo "2535"]
[BlackElo "2455"]

1.Nf3 d5 2.g3 Bg4 3.Bg2 Nd7 4.c4 e6 5.cxd5 exd5 6.O-O Ngf6 7.d3 Bd6 8.h3 Bh5
9.Nc3 c6 10.e4 O-O 11.exd5 cxd5 12.g4 Bg6 13.Nh4 Nc5 14.Nxg6 hxg6 15.g5 d4
16.Nb5 Nh5 17.Qf3 Be7 18.h4 a6 19.Na3 Kh7 20.Bh3 f5 21.Nc4 b5 22.Ne5 Bd6
23.Nc6 Qd7 24.Bd2 Nxd3 25.Qxd3 Qxc6 26.Bg2 Qc5 27.Rac1 Qe5 28.f4 Qe6 29.Bxa8 Rxa8
30.Qf3 Rd8 31.b3 Bb8 32.Rfe1 Qd7 33.Qc6 Qxc6 34.Rxc6 d3 35.Kf2 Bxf4 36.Bxf4 Nxf4
37.Rd1 Rd7 38.Rxa6 b4 39.Rc6 Rd8 40.Rc4 Ne6 41.Ke3 f4+ 42.Ke4 f3 43.Kxf3 Nd4+
44.Ke4 Nf5 45.Rxd3  1-0

[Event "Yerevan ol (Men)"]
[Site "Yerevan"]
[Date "1996.??.??"]
[Round "5"]
[White "Dzuban, Oleg I"]
[Black "Lputian, Smbat G"]
[Result "0-1"]
[WhiteElo "2425"]
[BlackElo "2595"]

1.Nf3 d5 2.g3 c5 3.Bg2 Nc6 4.c4 Nf6 5.O-O d4 6.d3 e6 7.Na3 Be7 8.Nc2 a5 9.Bd2 O-O
10.b3 e5 11.a3 e4 12.Ng5 exd3 13.exd3 Bf5 14.Ne4 Bxe4 15.dxe4 a4 16.b4 Ne5
17.bxc5 Bxc5 18.Bb4 b6 19.Rc1 Nxc4 20.Bxc5 bxc5 21.Ne1 Nb2 22.Qd2 Rb8 23.Rxc5 Qb6
24.Rc2 Rfd8 25.e5 Nd7 26.Nf3 d3 27.Rc3 Nc5 28.Re1 h6 29.h4 Qb5 30.Bh3 Nc4
31.Qf4 d2 32.Rd1 Qb1 33.Rxb1 Rxb1+ 34.Kh2 d1=Q 35.Bg2 Nd2 36.Rxc5 Nxf3+ 37.Bxf3 Qg1+
38.Kh3 Qxf2 39.Rc7 Qa2 40.Qxa4 Qe6+ 41.Qg4 Qxe5 42.Rc8 Rb8 43.Rc6 Rd4 44.Rc8+ Rxc8
45.Qxc8+ Kh7 46.Qc2+ g6  0-1

[Event "Yerevan ol (Men)"]
[Site "Yerevan"]
[Date "1996.??.??"]
[Round "5"]
[White "Tsang, Hon Ki"]
[Black "Nolsoe, Eydun"]
[Result "1/2-1/2"]
[WhiteElo "2120"]
[BlackElo "2160"]

1.Nf3 d5 2.g3 Nd7 3.d4 Ngf6 4.Bg2 e6 5.O-O c5 6.c3 b6 7.Nbd2 Bb7 8.e4 dxe4
9.Ng5 Be7 10.Ndxe4 Nxe4 11.Nxe4 Bd5 12.dxc5 Nxc5 13.Nxc5 bxc5 14.Bxd5 exd5
15.Qf3 Qd7 16.Rd1 Rd8 17.Be3 O-O 18.Rd2 Qe6 19.Rad1 d4 20.cxd4 cxd4 21.Bxd4 Qxa2
22.Qb7 Qe6 23.Qxa7 Ra8 24.Qb7 Bf6 25.Bxf6 Qxf6 26.Rd6 Qg5 27.h4 Qa5 28.b4 Qa4
29.b5 h6 30.b6 Qb4 31.Qd5 Rab8 32.Qd4 Qb5 33.Qd3 Rxb6 34.Qxb5  1/2-1/2

[Event "Yerevan ol (Men)"]
[Site "Yerevan"]
[Date "1996.??.??"]
[Round "6"]
[White "Ionescu, Constantin"]
[Black "Hellsten, Johan"]
[Result "1/2-1/2"]
[WhiteElo "2520"]
[BlackElo "2490"]

1.Nf3 d5 2.g3 c6 3.Bg2 Bg4 4.c4 Nd7 5.cxd5 cxd5 6.Nc3 e6 7.Qb3 Qc8 8.d4 Bxf3
9.Bxf3 Ne7 10.O-O Nc6 11.Rd1 Be7 12.e4 dxe4 13.Bxe4 Nf6 14.Bg2 O-O 15.d5 Nxd5
16.Nxd5 exd5 17.Bxd5 Bc5 18.Bf4 Bb6 19.Rac1 Qf5 20.Bxc6 bxc6 21.Rxc6 Rae8
22.Qc2 Qh5 23.Kg2 h6 24.h3 Re2 25.Rd2 Rxd2 26.Qxd2 Rd8 27.Rd6 Rxd6 28.Bxd6 Qf5
29.b4 Bxf2 30.g4 Qf6 31.Qxf2 Qxd6 32.Qxa7 Qxb4 33.Qa8+ Kh7 34.Qd5 Qe7 35.Qd3+ g6
36.a4 Qe5 37.Kf3 h5 38.Qc4 Kg7 39.Qf4 Qc3+ 40.Kg2 Qc2+ 41.Kg3 Qc3+ 42.Kg2 Qc2+  1/2-1/2

[Event "Yerevan ol (Men)"]
[Site "Yerevan"]
[Date "1996.??.??"]
[Round "6"]
[White "Vaganian, Rafael A"]
[Black "Kramnik, Vladimir"]
[Result "1/2-1/2"]
[WhiteElo "2595"]
[BlackElo "2765"]

1.Nf3 d5 2.g3 Bg4 3.Bg2 Nd7 4.O-O e6 5.d3 Bd6 6.c4 Ngf6 7.cxd5 exd5 8.Nc3 c6
9.h3 Bxf3 10.exf3 O-O 11.f4 Re8 12.g4 Nc5 13.g5 Nfd7 14.f5 d4 15.Ne4 Nxe4
16.dxe4 Nc5 17.Re1 d3 18.b4 Na6 19.a3 c5 20.f4 c4 21.Bd2 c3 22.Bxc3 Bxf4
23.g6 hxg6 24.fxg6 fxg6 25.Qb3+ Kh7 26.Rad1 Rc8 27.Rf1 Rf8 28.Kh1 Nc7 29.Rf3 d2
30.Bxd2  1/2-1/2

[Event "Yerevan ol (Men)"]
[Site "Yerevan"]
[Date "1996.??.??"]
[Round "6"]
[White "Tsang, Hon Ki"]
[Black "Aliev, Kerim"]
[Result "0-1"]
[WhiteElo "2120"]
[BlackElo "2205"]

1.Nf3 d5 2.g3 Nf6 3.Bg2 c6 4.b3 Bf5 5.Bb2 e6 6.O-O Be7 7.c4 O-O 8.d3 a5 9.Nc3 Nbd7
10.Qc2 Nc5 11.Nh4 Bg4 12.h3 Bh5 13.Nf3 h6 14.Ne5 Nfd7 15.Nxd7 Qxd7 16.a3 d4
17.Na4 Nxa4 18.bxa4 Bc5 19.Rab1 e5 20.Bc1 Rae8 21.Rb3 f5 22.e3 g5 23.Qb1 Re7
24.Bd2 f4 25.exd4 Bxd4 26.gxf4 gxf4 27.Re1 f3 28.Bf1 Rg7+ 29.Kh2 Rf6 30.Be3 Rfg6
31.Rxb7 Rg2+  0-1